Classement du Ballon d'or 1990 - Statistiques

Statistiques générales
  • Ce quiz a été pris 75 fois
  • Le résultat moyen est 8 sur 23
Statistiques - réponses
Classement Joueur Club du joueur Nationalité % Correct
1 Lothar Matthäus Inter Milan Allemagne
89%
11 Jean-Pierre Papin Olympique de Marseille France
86%
8 Roberto Baggio ACF Fiorentina / Juventus FC Italie
78%
5 Franco Baresi AC Milan Italie
73%
19 Michael Laudrup FC Barcelone Danemark
68%
9 Frank Rijkaard AC Milan Pays-Bas
62%
22 Rudi Völler AS Roma Allemagne
49%
20 Gary Lineker Tottenham Hotspur Angleterre
46%
7 Jürgen Klinsmann Inter Milan Allemagne
43%
23 Chris Waddle Olympique de Marseille Angleterre
38%
6 Enzo Scifo AJ Auxerre Belgique
35%
3 Andreas Brehme Inter Milan Allemagne
24%
21 David Platt Aston Villa Angleterre
19%
4 Paul Gascoigne Tottenham Hotspur Angleterre
16%
17 Dragan Stojkovic Etoile rouge de Belgrade / Olympique de Marseille Yougoslavie
14%
2 Salvatore Schillaci Juventus FC Italie
11%
16 Walter Zenga Inter Milan Italie
11%
18 John Barnes Liverpool FC Angleterre
8%
14 Robert Prosinecki Etoile rouge de Belgrade Yougoslavie
5%
15 Des Walker Nottingham Forest Angleterre
0%
10 Guido Buchwald VFB Stuttgart Allemagne
0%
13 Paul McGrath Aston Villa République d'Irlande
0%
12 Rafael Martin Vazquez Real Madrid / Torino FC Espagne
0%
Aucun quiz correspondant
Distribution des résultats
% des personnes avec chaque résultat
Percentile par nombre de réponses
Votre historique - résultats
Vous n’avez pas pris ce quiz